Statistiques concernant Quiz sur les membres de l'ordre du phénix

Cliquez ici pour prendre le quiz!

Statistiques générales

  • Ce quiz a été pris 53 fois
  • Le résultat moyen est 13 sur 26

Statistiques - réponses

Membre de l'ordreRéponse% Correct
1Albus Dumbledore
81%
15Harry Potter
81%
2Sirius Black
76%
20Arthur Weasley
73%
21Molly Weasley
73%
11Remus Lupin
70%
24Fred Weasley
68%
18Nymphadora Tonks
68%
16Severus Rogue
68%
22Bill Weasley
65%
25George Weasley
65%
8Hermione Granger
65%
12Minerva McGonagall
62%
13Alastor Maugrey
59%
23Charlie Weasley
54%
26Ronald Weasley
54%
3Fleur Delacour
41%
9Rubeus Hagrid
35%
7Mondingus Fletcher
32%
5Elphias Doge
27%
6Arabella Figg
24%
4Dedalus Diggle
24%
17Kingsley Shacklebot
24%
19Emmeline Vance
16%
10Hestia Jones
14%
14Sturgis Podmore
14%

Distribution des résultats

Percentile par nombre de réponses

% des personnes avec chaque résultat

Votre développement - résultats

Vous n’avez pas pris ce quiz